000 00433nam a2200193Ia 4500
003 OSt
005 20260210112736.0
008 210210b2000 xxu||||| |||| 00| 0 eng d
040 _cAL
041 _aeng
082 _a425 KRIM
100 _aKrishnaswamy N
_9254258
245 _aModern english
260 _bNot Mentioned
_c2000
300 _avi,374p
690 _aEnglish Grammar
_9254259
906 _a037551
942 _2ddc
_cBK
999 _c87844
_d87844